[Event "DM 2023 G7 Grp 1"]
[Site "Svendborg"]
[Date "2023.04.10"]
[Round "7"]
[White "Hollesen, Kurt"]
[Black "Nielsen, Thomas (1975)"]
[Result "0-1"]
[WhiteElo "1968"]
[BlackElo "1973"]
[PlyCount "168"]
[EventDate "2023.04.04"]
[EventType "swiss"]
[EventRounds "7"]
[EventCountry "DEN"]
[SourceTitle "Live v. Kasper Jerwiarz"]

1. c4 e5 2. Nc3 Nc6 3. g3 Bc5 4. Bg2 a6 5. a3 d6 6. e3 Nge7 7. Nge2 h5 8. h3
Ba7 9. d3 h4 10. g4 Ng6 11. d4 exd4 12. exd4 Nce7 13. Bg5 f6 14. Be3 c6 15. Qd3
Nf8 16. d5 Bxe3 17. Qxe3 c5 18. Be4 Qb6 19. b4 Nd7 20. Na4 Qc7 21. O-O cxb4 22.
Bg6+ Kf8 23. Nf4 Ne5 24. Bd3 Nxd3 25. Qxd3 g5 26. Nh5 Rxh5 27. gxh5 Bf5 28. Qd4
Kg7 29. f4 g4 30. hxg4 Bxg4 31. f5 Bxh5 32. Qxh4 Rh8 33. axb4 Be2 34. Qe4 Bxf1
35. Rxf1 b5 36. Nb2 Rh5 37. Rf2 Qd7 38. Rg2+ Kf8 39. cxb5 axb5 40. Nd3 Qxf5 41.
Qd4 Nxd5 42. Qa7 Rg5 43. Ne1 Rxg2+ 44. Nxg2 Nxb4 45. Qb8+ Ke7 46. Qb7+ Kf8 47.
Qb8+ Kg7 48. Qxd6 Nd5 49. Qc6 Qb1+ 50. Kh2 Qh7+ 51. Kg1 Qb1+ 52. Kh2 Ne7 53.
Qd7 Kf7 54. Qg4 Qh7+ 55. Kg1 Qb1+ 56. Kh2 Qh7+ 57. Kg1 Qf5 58. Qd4 Qd5 59. Qh4
Qg5 60. Qh7+ Ke8 61. Qe4 Qe5 62. Qa8+ Kf7 63. Qf3 Qc5+ 64. Kh2 b4 65. Nf4 Qc2+
66. Kg1 Qc1+ 67. Kh2 Qc2+ 68. Kg1 Qc5+ 69. Kh2 Qe5 70. Kg1 Qb5 71. Qb3+ Ke8 72.
Ne6 Qb6+ 73. Kf1 Kd7 74. Nf8+ Kc8 75. Ne6 Qb5+ 76. Kg1 Nd5 77. Qh3 Kb7 78. Nd8+
Kc7 79. Ne6+ Kd6 80. Ng7 Qd7 81. Nf5+ Kc7 82. Qg3+ Kb6 83. Qb8+ Ka6 84. Qa8+
Qa7+ 0-1

[Event "DM 2023 G7 Grp 1"]
[Site "Svendborg"]
[Date "2023.04.10"]
[Round "7"]
[White "Rasmussen, Johnny Koust"]
[Black "Christensen, Adam Stanczyk"]
[Result "1/2-1/2"]
[WhiteElo "1824"]
[BlackElo "1882"]
[PlyCount "74"]
[EventDate "2023.04.04"]
[EventType "swiss"]
[EventRounds "7"]
[EventCountry "DEN"]
[SourceTitle "Live v. Kasper Jerwiarz"]

1. e4 e6 2. d4 d5 3. exd5 exd5 4. c4 c6 5. Nc3 Nf6 6. Nf3 Bd6 7. Be2 O-O 8. O-O
Qc7 9. c5 Bf4 10. Re1 Re8 11. b4 b6 12. a4 Bg4 13. Bxf4 Qxf4 14. Ne5 Bxe2 15.
Nxe2 Qh4 16. Ng3 Nfd7 17. Nf5 Qf4 18. Nd6 Rf8 19. g3 Qf6 20. Ng4 Qg6 21. Re7 f6
22. Qe2 h5 23. Qe6+ Kh7 24. Ne3 f5 25. Nexf5 Qxe6 26. Rxe6 Nf6 27. Re7 Rg8 28.
Rc7 Na6 29. cxb6 Nxc7 30. bxc7 Rac8 31. Nxc8 Rxc8 32. Rc1 Rxc7 33. b5 Ne4 34.
bxc6 Nd2 35. Ne3 Nf3+ 36. Kg2 Nxd4 37. Nxd5 Rxc6 1/2-1/2